01017cam a22003254i 4500003000900000005001700009008004100026035001900067040003300086082002000119100003000139245005300169264004300222300003800265336002100303337002500324338002300349505022300372526001000595526001000605526001000615526001000625526000800635526000800643526000800651526000800659526000800667526000800675526000800683PE-LiUPU20250731173208.0150625s1982 sp r 000 0 spa d a(Sirsi) a31587 aPE-LiUPUbspacPE-LiUPUerda04a220.63bBEB2211 aSchurmann, Heinz,eautor.11a¿Como Entendio y Vivio Jesús su Muerte? n42. 1aSalamanca :bEdiciones Sigueme,c1982. a166 páginas ;c21 centímetros atext2rdacontent aunmediated2rdamedia avolume2rdacarrier0 aComo entendio y supero Jesus su muerte -- La supervivencia de la causa de Jesusen la comida pospascual del Señor -- La ley de Cristo (Gal. 6, 2) -- Panoramica: El Cristo proexistente, ¿centro de la fe del mañana?. aSEG42 aSEG41 aSEG40 aSEG39 aP94 aP87 aP86 aP85 aP77 aP76 aP35